00683nam a2200181Ia 4500003000900000008004100009040001600050080002400066110000900090111007800099245017300177260003300350300001300383490003100396650002800427650001800455700002800473IN-BaIIA211028s9999 xx 000 0 eng d cIIA Library a523.947:520.86bDES aNATO aAGARD Ionospheric Research Committee Meetingn6thcNaplesd1961 May 15-20 0aObservations during the Eclipse of February 1961bproceedings of sixth AGARD Ionospheric Research Committee meeting, Naples, 15-20 May 1961cedited by Luciano de Socio aOxfordbPergamon Pressc1964 avi, 53p. aAGARDograph; v.59 (suppl.) aIonospheric Observation aSolar Eclipse aDe Socio, Luciano., ed.